| 000 | 05057nam a22005297a 4500 | ||
|---|---|---|---|
| 005 | 20080801050647.0 | ||
| 008 | 080607s2008 ii | 00| f eng | ||
| 010 | _aB-311197-219 | ||
| 020 |
_a9780670082832 _c599.00 |
||
| 020 |
_a9780670082032 _c599.00 |
||
| 035 | _aB-311197-219 | ||
| 037 | _bPansy Books | ||
| 040 |
_adpl _bEnglish |
||
| 082 | _aN | ||
| 100 | _aGhosh, Amitav | ||
| 245 |
_aSea of poppies / _cby Amitav Ghosh |
||
| 260 |
_aNew Delhi _bPenguin Books _c2008 |
||
| 270 |
_a11 Community Centre, Panchsheel Park _bNew Delhi _e110017 |
||
| 300 |
_a515 p. _c23 cm. (pbk) |
||
| 500 | _aNovel. | ||
| 942 |
_2ddc _cEN _hN _mGHO |
||
| 999 |
_c15886 _d15886 |
||